000 01135nam a2200253 a 4500
001 82057
003 BD-RjUL
005 20231122105315.0
008 231008s2013 bg a|||| m||| 00| 0 eng d
035 _a(BD-RjUL)82057
040 _aBD-RjUL
_beng
_cBD-RjUL
_dBD-RjUL
041 _aeng
082 _223
_a641.3521
_bMOE 2013
100 _aMondal, Md. Azmal Hossain
_99390
245 1 0 _aEffect of Plant Growth Regulators and Micro-Nutrients on Yield, Quality Seed Production and Storage of potato in Tista Floodplain Soils of Bangladesh /
_cBy Md. Azmal Hossain Mondal ;
_6Supervisor : Md. Hasan Tarique, Co-Supervisor : Md. Kawser Ali
260 _aRajshahi :
_bDepartment of Agronomy and Agricultural Extension, University of Rajahshi,
_c2013.
300 _axxvi, 269 Leaves :
_bill, ;
_c29 cm.
502 _aThesis (Ph. D.) -- Department of Agronomy and Agricultural Extension, University of Rajahshi, 2013
504 _aReferences : Leaves 232-254
650 _aPotato
_vFood and Drink
_xPlant Crops
_99391
700 _aTarique, Md. Hasan, Supervisor :
_91882
700 _aAli, Md. Kawser, Co-Supervisor
_94966
942 _2ddc
_cTHE
999 _c82057
_d82057